000
00293nam a2200121Ia 4500
008
190802s9999 xx 000 0 und d
020
_a
978-938666-27-1
100
_a
N.Gregory Mankiw
245
0
_a
Principles of MicroEconomics
260
_a
USA
_b
Delhi
_c
2015
300
_a
551:P
942
_c
BK
999
_c
2303
_d
2303